000 00585nam a22002057a 4500
999 _c3282
_d3282
003 OSt
005 20211117090205.0
008 211029b ||||| |||| 00| 0 eng d
020 _a-
040 _cALUPE UNIVERSITY LIBRARY
050 _aRA399
_b.A55 2021
100 _aJUNE ALICE AKINYI
245 _aCHALLENGES FACING IMPLEMENTATION OF MAINTENANCE POLICIES IN SIAYA COUNTY REFERRAL HOSPITAL
260 _aSIAYA COUNTY REFFERAL HOSPITAL
_cAugust, 2021
300 _ax, 29p
_bills
_c30cm
504 _a-
650 _2policies in hospitals
700 _a-
942 _2lcc
_cAUCUP
_nPW